US Cities With At Least Four Syllables - Statistics

General Stats
  • This quiz has been taken 371 times
  • The average score is 10 of 18
Answer Stats
Hint Answer % Correct
(4 syllables)Capital of Hawaii Honolulu
88%
(4 syllables)Home to the Golden Gate Bridge San Francisco
81%
(4 syllables)Capital of Florida Tallahassee
75%
(4 syllables)Second most populous city in the US Los Angeles
72%
(5 syllables)Home to the Liberty Bell Philadelphia
71%
(5 syllables)Home to the NBA team the Spurs San Antonio
70%
(5 syllables)One of the Twin Cities Minneapolis
67%
(4 syllables)Home to the University of New Mexico Albuquerque
66%
(4 syllables)Home of the NFL team the Bengals Cincinnati
59%
(4 syllables)Capital of South Carolina Columbia
53%
(6 syllables)Home to the NBA team the Thunder Oklahoma City
47%
(4 syllables)A coastal city in South Texas Corpus Christi
46%
(4 syllables)Largest city in the Texas Panhandle Amarillo
45%
(4 syllables)fourth largest city in Tennessee Chattanooga
45%
(4 syllables)Known for it's beach and Nascar Daytona Beach
42%
(6 syllables)Home to Butler University Indianapolis
39%
(5 syllables)Home to the US Air Force Academy Colorado Springs
36%
(4 syllables)Home to the University of Western Michigan Kalamazoo
26%
No matching quizzes found
Score Distribution
Percent of People with Each Score
Percentile by Number Answered
Your Score History
You have not taken this quiz